Loading...
| MB | 4 | 13 | 4 | 2 | 170 | 25 | 80.82 | 4 | 10 | 0.00 | 0.00 |
| AG | 3 | 5 | 2 | 2 | 85 | 49 | 85.25 | 2 | 6 | 0.00 | 0.00 |
| RR | 3 | 4 | 3 | 0 | 70 | 53 | 71.43 | 3 | 5 | 0.00 | 0.00 |
| DM | 2 | 4 | 1 | 2 | 65 | 36 | 90.67 | 1 | 5 | 0.00 | 0.00 |
| BB | 0 | 7 | 2 | 3 | 60 | 73 | 107.00 | 1 | 4 | 0.00 | 0.00 |
| AR | 3 | 1 | 0 | 1 | 55 | 45 | 71.25 | 2 | 3 | 0.00 | 0.00 |
| AW | 2 | 1 | 0 | 0 | 40 | 69 | 85.00 | 2 | 2 | 0.00 | 0.00 |
| RC | 0 | 4 | 1 | 0 | 35 | 101 | 113.00 | 0 | 2 | 0.00 | 0.00 |
| TR | 0 | 4 | 2 | 1 | 30 | 93 | 97.25 | 0 | 1 | 0.00 | 0.00 |
| MV | 1 | 0 | 0 | 0 | 15 | 88 | 88.00 | 0 | 0 | 0.00 | 0.00 |
| AK | 1 | 0 | 1 | 0 | 10 | 16 | 16.00 | 1 | 1 | 0.00 | 0.00 |
| KD | 0 | 0 | 1 | 0 | -5 | 0.00 | 0 | 0 | 0.00 | 0.00 |
| AK | Cambodia | 15 | 16 |
| MB | lepers | 15 | 25 |
| DM | hot | 15 | 36 |
| MB | Kongo kingdom | 15 | 38 |
| TR | playing board games | -5 | 38 |
| MB | Titus Maccius Plautus | -5 | 40 |
| MB | Battle of Kosovo Polje | 15 | 42 |
| MB | Kristin Lavransdatter | 15 | 44 |
| AR | Enoch | 15 | 45 |
| AG | Ramayana | 15 | 49 |